Statystyki dla Państwa w Azji zarażone covid-19 (5.06.2020)

Kliknij tutaj aby rozwiązać quiz!

Ogólne statystyki

  • Ten quiz został rozwiązany 18 razy
  • Średni wynik to 34 z 49

Statystyki odpowiedzi

Liczba zarażonychKraj% Poprawnych
83,0 tysChiny
94%
229 tysIndie
94%
17,0 tysJaponia
89%
3,10 tysTajlandia
89%
95,7 tysArabia Saudyjska
83%
8,84 tysIrak
83%
167 tysIran
83%
17,5 tysIzrael
83%
1,93 tysKirgistan
83%
11,6 tysKorea Południowa
83%
89,2 tysPakistan
83%
4,37 tysTadżykistan
83%
3,98 tysUzbekistan
83%
18,9 tysAfganistan
78%
6,52 tysAzerbejdżan
78%
29,5 tysIndonezja
78%
453Jemen
78%
12,3 tysKazachstan
78%
15,0 tysOman
78%
37,1 tysSingapur
78%
1,80 tysSri Lanka
78%
328Wietnam
78%
37,0 tysZjednoczone Emiraty Arabskie
78%
11,8 tysArmenia
72%
13,7 tysBahrajn
72%
60,3 tysBangladesz
72%
805Gruzja
72%
765Jordania
72%
125Kambodża
72%
1,87 tysMalediwy
72%
167 tysTurcja
72%
141Brunei
67%
19Laos
67%
1,31 tysLiban
67%
8,26 tysMalezja
67%
236Mjanma
67%
191Mongolia
67%
2,91 tysNepal
67%
48Bhutan
61%
20,6 tysFilipiny
61%
65,4 tysKatar
61%
30,6 tysKuwejt
61%
124Syria
61%
443Tajwan
61%
24Timor Wschodni
56%
958Cypr
44%
464Palestyna
17%
1,10 tysHong Kong
6%
45Makau
6%

Rozkład punktacji

Percentyl według liczby udzielonych odpowiedzi

Procent ludzi z każdym wynikiem

Twoja historia wyników

Nie rozwiązałeś tego quizu